000
00301 a2200157 4500
001
172394
020
_a
040
_c
Magnum
100
_a
Almeida, Zelia
240
1
0
_a
La-vamos-nos
_l
por
245
1
0
_a
La-vamos-nos
362
0
_a
1899
440
1
_a
Dimensão
697
_a
I/GERAL
942
_c
BK
999
_c
172394
_d
172394